| 000 | 00420ntaaa2200169 4500 | ||
|---|---|---|---|
| 003 | 01 | ||
| 005 | 20251027201951.0 | ||
| 008 | 0714s1973 ag 01 | ||
| 040 |
_aAR-BaBN _bspa _cAR-BaBN _eaacr _dRIC |
||
| 082 | _a248.0000 W86 | ||
| 100 |
_aWoods, Charles Coke _918206 |
||
| 245 | _aOur spiritual skies | ||
| 250 |
_a1 ed. : _bEaton and Mains, _cc/914 |
||
| 300 | _a232 p. | ||
| 650 |
_aVida Espiritual _9658 |
||
| 942 | _cBK | ||
| 999 |
_c14408 _d14408 |
||